000 00444nam a2200181Ia 4500
008 120920t2008 xxu||||| |||| 00| 0 sin d
041 _asin
080 _a8 - 31 (Rusian)
_bGOR
100 _aGorky, Maxim
245 _aඅම්මා
246 _aAmma
260 _aS. Godage
_aColombo
_c2008
300 _b488p, 21 cm
700 _aRudrigu, Dadigama V.
_etr.
942 _cBK
999 _c41626
_d41626
003 LK-CoDNM
040 _aLK-CoDNM
_dLK-CoDNM
_eLK-CoDNM